<?xml version="1.0" encoding="UTF-8"?>
<record
    xmlns:xsi="http://www.w3.org/2001/XMLSchema-instance"
    xsi:schemaLocation="http://www.loc.gov/MARC21/slim http://www.loc.gov/standards/marcxml/schema/MARC21slim.xsd"
    xmlns="http://www.loc.gov/MARC21/slim">

  <leader>02791pam a2200241 i 4500</leader>
  <controlfield tag="003">KPN</controlfield>
  <controlfield tag="005">20260306110303.0</controlfield>
  <controlfield tag="008">20260306b  00| 0 my d</controlfield>
  <datafield tag="020" ind1=" " ind2=" ">
    <subfield code="a">9789674910556</subfield>
    <subfield code="q">paperback</subfield>
    <subfield code="c">RM57.00</subfield>
  </datafield>
  <datafield tag="040" ind1=" " ind2=" ">
    <subfield code="c">KPN</subfield>
  </datafield>
  <datafield tag="082" ind1="0" ind2="4">
    <subfield code="a">892.736 MAH 2020</subfield>
    <subfield code="2">23</subfield>
  </datafield>
  <datafield tag="090" ind1="0" ind2="0">
    <subfield code="a">892.736 MAH 2020</subfield>
    <subfield code="b">MAH</subfield>
  </datafield>
  <datafield tag="100" ind1="1" ind2=" ">
    <subfield code="a">Mahfouz, Naguib,</subfield>
    <subfield code="d">1911-2006,</subfield>
    <subfield code="e">author.</subfield>
  </datafield>
  <datafield tag="240" ind1="1" ind2="0">
    <subfield code="a">Awlad Haratina.</subfield>
    <subfield code="l">Malay</subfield>
  </datafield>
  <datafield tag="245" ind1="1" ind2="0">
    <subfield code="6">880-01</subfield>
    <subfield code="a">Awlad haratina =</subfield>
    <subfield code="b">Anak-anak di lorong kami /</subfield>
    <subfield code="c">Naguib Mahfouz ; Penterjemah Adli Yaacob</subfield>
  </datafield>
  <datafield tag="264" ind1=" " ind2="1">
    <subfield code="a">Kuala Lumpur :</subfield>
    <subfield code="b">IIUM Press,</subfield>
    <subfield code="c">2020</subfield>
  </datafield>
  <datafield tag="300" ind1=" " ind2=" ">
    <subfield code="a">524 pages ;</subfield>
    <subfield code="c">21 cm</subfield>
  </datafield>
  <datafield tag="521" ind1=" " ind2=" ">
    <subfield code="a">Novel ini merupakan karya terjemahan Bahasa Arab ke Bahasa Melayu yang menceritakan tentang kehidupan masyarakat di sebuah lorong sempit di Kaherah.

Lorong terpencil dan kumuh tanpa kemudahan asas ini dihuni oleh orang miskin, hidup melarat, terasing dari dunia luar dan ketinggalan dalam serba-serbi. Di kawasan sempit ini merumahkan orang dengan bermacam watak, sifat, profesion, cara fikir, serta konfliknya tersendiri. Meskipun lorong ini terasing daripada kehidupan masyarakat elit serta mewah namun masyarakat di sini tetap bernyawa dan hingar-bingar dengan cara yang tersendiri. Kehidupan masyarakat di lorong ini sangat sederhana kerana terpisah daripada dunia luar khususnya dari sudut pendidikan.

Oleh kerana itu, mata pencarian penduduknya juga benar-benar sederhana, iaitu jenis pekerjaan yang tidak memerlukan pendidikan khusus dan biasanya hanya bermodalkan tenaga dan sedikit keterampilan seperti membuka kedai kopi, menjaja kedai kuih atau roti, tukang gunting rambut, tukang kutip sewa rumah pangsa, tukang cari jodoh, pengemis dan 'pencipta pengemis' sekalipun seperti yang tampil oleh sosok Zaita dan para pengemis yang diciptanya.

Bahkan kerjaya Dr. Busyi sebagai seorang 'doktor gigi' yang begitu tersohor dan begitu diagungkan oleh hampir seluruh penghuni lorong itu pun hanya kerana beliau pernah bekerja sebagai perawat kepada seorang doktor gigi di Jamaliyah. Pada hal, beliau sendiri bukan lulusan mana-mana institusi pengajian bidang perubatan. Pendapatan mereka sangat rendah dan sekadar memenuhi keperluan harian sahaja. Begitu melaratnya kehidupan di lorong ini, sehingga beberapa orang rela matanya dibutakan, kakinya atau lengannya dikudungkan agar menjadi seorang pengemis.

Bahkan, seorang gadis cerdas seperti Hamida, memilih meninggalkan ibu dan lorong yang telah didiami olehnya sejak sekian lama dan menjadi seorang pelacur di kota untuk kehidupan yang dicita-citakannya.

Naquib Mahfouz sasterawan dan penulis terkemuka Mesir dan penerima Hadiah Nobel tahun 1988.</subfield>
  </datafield>
  <datafield tag="650" ind1="1" ind2="0">
    <subfield code="a">Arabic fiction</subfield>
    <subfield code="v">Translations into Malay</subfield>
  </datafield>
  <datafield tag="650" ind1="2" ind2="0">
    <subfield code="a">Government publications</subfield>
    <subfield code="z">Malaysia</subfield>
  </datafield>
  <datafield tag="700" ind1="0" ind2=" ">
    <subfield code="a">Adli Yaacob,</subfield>
    <subfield code="c">Prof. Madya, Dr.,</subfield>
    <subfield code="e">translator.</subfield>
  </datafield>
  <datafield tag="942" ind1=" " ind2=" ">
    <subfield code="2">ddc</subfield>
    <subfield code="c">1</subfield>
    <subfield code="n">0</subfield>
  </datafield>
  <datafield tag="999" ind1=" " ind2=" ">
    <subfield code="c">1725</subfield>
    <subfield code="d">1725</subfield>
  </datafield>
  <datafield tag="952" ind1=" " ind2=" ">
    <subfield code="0">0</subfield>
    <subfield code="1">0</subfield>
    <subfield code="2">ddc</subfield>
    <subfield code="4">0</subfield>
    <subfield code="7">0</subfield>
    <subfield code="8">F</subfield>
    <subfield code="a">KPN</subfield>
    <subfield code="b">KPN</subfield>
    <subfield code="c">NFIC800</subfield>
    <subfield code="d">2026-03-06</subfield>
    <subfield code="l">0</subfield>
    <subfield code="o">892.736 MAH 2020</subfield>
    <subfield code="p">KPN26030007</subfield>
    <subfield code="r">2026-03-06</subfield>
    <subfield code="w">2026-03-06</subfield>
    <subfield code="y">1</subfield>
  </datafield>
</record>
